01514nam a2200361 a 4500001000200000003000900002005001700011008004100028020001800069040002600087082003100113100002100144245018900165246006600354260006700420300003700487500004800524500007300572590002600645600004000671650002400711650002600735700002900761700003200790700004100822700004100863700004700904700003200951910001500983942001200998952012501010999001701135 DO-SdBNP20220712125556.0130708s2010 dr ac 000 0 spa d a9789945476002 aDO-SdBNPbspacBPMSU  a928.617293bM843B 20102221 aBarinas, Gracita10aDomingo Moreno Jimenes :bel legado cultural de su obra en San Cristóbal (1950-1963) /cGracita Barinas, Douglas Hasbún José, Odalís G. Pérez ; prólogo Manuel Mora Serrano.14aEl Instituto de la Poesía Osvaldo Bazil y su trascendencia  aSan Cristóbal, República Dominicana :bFotomegraf,c2010. a175 p. :bils., retrs. ;c22 cm. aIncluye datos biográficos de los autores  aIncluye referencias bibliográficas y notas al pie de las páginas 6Inventariado, 2022/VM14aMoreno Jimenes, Domingod1894-1986. 4aPoesía dominicana 4aLiteratura dominicana1 aHasbún José, Douglas1 aPérez, Odalís G.d1952-1 aMora Serrano, Manuelc1933-epról.z aPérez, Odalís G., d 1952-z a Pérez, Odalís d1952-q (Odalís G.)z aSerrano, Manuel Morad1933- aVMateo V.  2ddccBK 00102ddc40708CDaBPMETbBPMETd2022-03-15oBPMSU CD 928.617293 M843B 2010pBPMSU22030041r2022-03-15w2022-03-15yBK c14080d14080